书目信息 |
| 题名: |
VI设计
|
|
| 作者: | 金琳 , 赵海频 编著 | |
| 分册: | ||
| 出版信息: | 上海 上海人民美术出版社 2006 |
|
| 页数: | 129页 | |
| 开本: | 27cm | |
| 丛书名: | ||
| 单 册: | ||
| 中图分类: | J524.4 | |
| 科图分类: | ||
| 主题词: | 企业 , 标志 , 企业--标志--设计--高等学校--教材 | |
| 电子资源: | ||
| ISBN: | 7-5322-4469-5 | |
| 000 | 00824nam0 2200265 450 | |
| 001 | 003101863 | |
| 005 | 20070804152338.79 | |
| 010 | @a7-5322-4469-5@dCNY39.80 | |
| 100 | @a20060104d2006 em y0chiy0110 ea | |
| 101 | 0 | @achi |
| 102 | @aCN@b310000 | |
| 105 | @aa z 000yy | |
| 200 | 1 | @aVI设计@9VI she ji@f金琳,赵海频编著 |
| 210 | @a上海@c上海人民美术出版社@d2006 | |
| 215 | @a129页@c图@d27cm | |
| 300 | @a中国高等院校艺术设计专业系列教材 | |
| 330 | @a本书主要讲述了VI设计的基本概念、基本特点和方法。主要内容包括视觉篇、识别篇、系统篇、设计篇、模板篇等。 | |
| 606 | 0 | @a企业 |
| 606 | 0 | @a标志 |
| 606 | 0 | @a企业@x标志@x设计@x高等学校@j教材 |
| 690 | @aJ524.4@v4 | |
| 701 | 0 | @a金琳@9jin lin@c(广告设计)@4编著 |
| 701 | 0 | @a赵海频@9zhao hai pin@4编著 |
| 801 | 0 | @aCN@bNLC@c20070804 |
| 905 | @a10447@dJ524.4@e264 | |
| VI设计/金琳,赵海频编著.-上海:上海人民美术出版社,2006 |
| 129页:图;27cm |
| 中国高等院校艺术设计专业系列教材 |
| ISBN 7-5322-4469-5:CNY39.80 |
| 本书主要讲述了VI设计的基本概念、基本特点和方法。主要内容包括视觉篇、识别篇、系统篇、设计篇、模板篇等。 |
| ● |
| 相关链接 |
|
|
|
|
正题名:VI设计
索取号:J524.4/264
 
预约/预借
| 序号 | 登录号 | 条形码 | 馆藏地/架位号 | 状态 | 备注 |
| 1 | 0803862 | 208038620 | 第一样本阅览室/ [索取号:J524.4/264] | 在馆 | |
| 2 | 0803863 | 208038639 | 第一借阅区/ [索取号:J524.4/264] | 在馆 | |
| 3 | 0803864 | 208038648 | 第一借阅区/ [索取号:J524.4/264] | 在馆 | |
| 4 | 0803865 | 208038657 | 第一借阅区/ [索取号:J524.4/264] | 在馆 | |
| 5 | 0803866 | 208038666 | 第一借阅区/ [索取号:J524.4/264] | 在馆 | |
| 6 | 0803867 | 208038675 | 第一借阅区/ [索取号:J524.4/264] | 在馆 | |
| 7 | 0803868 | 208038684 | 第一借阅区/ [索取号:J524.4/264] | 在馆 | |
| 8 | 0803869 | 208038693 | 密集书库-美术系/ [索取号:J524.4/264] | 在馆 | |
| 9 | 0803870 | 208038700 | 美术系资料室/ [索取号:J524.4/264] | 在馆 | |
| 10 | 0803871 | 208038719 | 密集书库-美术系/ [索取号:J524.4/264] | 在馆 |